| 000 | 01688nam a22002657a 4500 | ||
|---|---|---|---|
| 001 | 78627 | ||
| 003 | UA-OsUOA | ||
| 005 | 20201221132238.0 | ||
| 007 | ta | ||
| 008 | 20111017b un ||||| |||| 00| 0 ukr d | ||
| 020 | _a5010010305 | ||
| 040 |
_aUA-OsUOA _brus _cUA-OsUOA _dUA-OsUOA |
||
| 041 | _arus | ||
| 080 | _a821.161.1(44) | ||
| 090 |
_a821.161.1(44) _bС37 |
||
| 100 | _aСименон Ж. | ||
| 245 |
_aНовые парижские тайны _bхудожественная публицистика _cпер с фр. Э. Л. Шрайбер |
||
| 260 |
_aМ. _bПрогресс _c1988 |
||
| 300 | _a392 с. | ||
| 490 | _aЗарубежная худжественная публицистика | ||
| 520 | _aВ сборник вошли политическая публицистика и эссеистика французского писателя Ж. Сименона - итог его болеее чем полувековой литературной деятельности: неопровержимые свидетельские показания о гнете и варварстве агрессоров- колонизаторов ( "Час негра"), о коррупции правительстенной верхушки буржуазного государства, о социальном неравенстве, нищете, безработице и преступности в капиталистическом мире ( "Дежурная полицейская часть, или "Новые парижские тайны"). | ||
| 650 | 7 |
_a82 Література. Літературознавство _2UDC |
|
| 942 |
_cBK _2udc |
||
| 955 | _a3 | ||
| 999 |
_c364941 _d364941 |
||